000 00696nam a22002053 4500
001 200375
010 _a978-989-554-324-3
021 _aPT
_b264081/07
090 _a200375
100 _a20260204d u||y0pory50 ba
200 _aHepatites virais
_fProf.® Doutora Ana Maria Horta e Vale
210 _aLisboa
_cQuidnove
_dcop.2007
215 _a119 p.
_cil. ; brochado
_d20 cm
225 _aO essencial da sad͠e
_eCoordenada pela Prof. Doutora Maria Amľia Ferreira, Dra Elizabete Loureiro, Centro de Educaȯ̂ Mďica da FMUP
_v14
606 _9927
_aMedicina
675 _a61
_vPT
_zpor
700 _916181
_aVale
_bAna Maria Horta e
_f1951-
801 _aPT
_bBMMN
_gRPC
830 _cAna
_fAna
990 _cLIVROS